|
|
|
|
| LEADER |
00000nab a2200000 a 4500 |
| 001 |
vtls000655418 |
| 003 |
SK-MaSNL |
| 005 |
20260303230713.0 |
| 008 |
240612c1997 xo 0 sla |
| 015 |
|
|
|a SNBRA1998/03-06236
|
| 035 |
|
|
|a CLN000007610
|
| 040 |
|
|
|a SNKBUCL
|b slo
|c SNKBUCL
|e AACR2
|
| 041 |
0 |
|
|a sla
|a rue
|
| 044 |
|
|
|a xo
|c SK
|
| 080 |
|
|
|a 887.5 (437.6)-1=875
|2 UDC-MRF-SK2
|
| 100 |
1 |
|
|a Vysloc'kyj, Ivan
|4 aut
|9 548527
|
| 245 |
1 |
0 |
|a Nad Popradom na berezi ...
|c Ivan Vysloc'kyj
|
| 650 |
0 |
7 |
|a vlastenecké básne, rusínske
|2 snkbucl
|9 73231
|
| 773 |
0 |
|
|t Rusyn
|g Roč. 7, č. 3-4 (1997), s. 8
|
| 850 |
|
|
|a Slovenská národná knižnica v Martine
|
| 852 |
|
|
|a SNK
|b KIS3GCP
|
| 958 |
|
|
|a UK
|
| 958 |
|
|
|a SK
|
| 958 |
|
|
|a LX
|
| 958 |
|
|
|a RBX
|
| 999 |
|
|
|c 2263563
|d 2265493
|